Phonetic Geography - Statistics

General Stats
  • This quiz has been taken 1,130 times
  • The average score is 15 of 20
Answer Stats
Hint Place Answer % Correct
ˈdɪˈtrɔɪt City Detroit
96%
ˌbæŋgləˈdɛʃ Country Bangladesh
93%
ˌgwɑːtəˈmɑːlə Country Guatemala
93%
ˈnɛðɚləndz Country Netherlands
89%
bɜːˈlɪn City Berlin
87%
ˈfɪlɪˌpiːnz Country Philippines
85%
ˈnɔːweɪ Country Norway
84%
ˌbweɪnəs ˈɛəriːz City Buenos Aires
81%
ˈaɪvəri kəʊst Country Ivory Coast
78%
ˈhjuːstən City Houston
76%
beɪˈʤɪŋ City Beijing
75%
ʧɛk rɪˈpʌblɪk Country Czech Republic
74%
ˈbræzəˌvɪl City Brazzaville
69%
jʊərəgwaɪ Country Uruguay
69%
ˈsiˈætəl City Seattle
67%
ʃɪˈkɑːɡoʊ City Chicago
62%
ˈwɔːsɔː City Warsaw
62%
ˈdʒɝmənɪ Country Germany
59%
iːθɪˈəʊpɪə Country Ethiopia
56%
pɜːrθ City Perth
48%
No matching quizzes found
Score Distribution
Percent of People with Each Score
Percentile by Number Answered
Your Score History
You have not taken this quiz